Score 0/20 Timer 04:00
0 Plays Today
% Correct
Great Wall of China
98.7%
Great white shark
98.4%
Great Pyramid of Giza
95.6%
Great Dane
90.7%
Great Britain
88.1%
Great Lakes
86.1%
The Great Depression
83.5%
The Great War
82.4%
Great Wave off Kanagawa
74.9%
Great Plains
74.1%
% Correct
Great Pumpkin
74%
The Great Gatsby
61.1%
Great Mouse Detective
59.6%
Great Barrier Reef
57.2%
Great Fire of London
55.8%
Alexander the Great
55.7%
The Great Dictator
54.1%
The Great Escape
53.1%
Great Red Spot
43.9%
Great Expectations
33.8%
Remove Ads.
Support Sporcle.
Get the best of Sporcle when you Go Orange. This ad-free experience offers more features, more stats, and more fun while also helping to support Sporcle. Thank you for becoming a member.

You're not logged in!

Compare scores with friends on all Sporcle quizzes.
OR
Log In

Show Comments

Extras

Top Quizzes Today


Score Distribution

Your Account Isn't Verified!

In order to create a playlist on Sporcle, you need to verify the email address you used during registration. Go to your Sporcle Settings to finish the process.

Report this User

Report this user for behavior that violates our Community Guidelines.

Details: